[Event "Llinars del Valles op-A 4th"]
[Site "Llinars del Valles"]
[Date "2010.05.15"]
[Round "6"]
[White "Prats Fumado, Gerard"]
[Black "Ruiz Arenas, Carlos"]
[Result "1/2-1/2"]
[WhiteElo "1866"]
[BlackElo "1968"]
[PlyCount "41"]
[EventDate "2010.04.10"]
[EventType "swiss"]
[EventRounds "7"]
[EventCountry "ESP"]
[SourceTitle "EXT 2012"]
[Source "ChessBase"]
[SourceDate "2011.11.24"]
[SourceVersion "1"]
[SourceVersionDate "2011.11.24"]
[SourceQuality "1"]

1. e4 c5 2. Ne2 Nc6 3. Nbc3 g6 4. d4 cxd4 5. Nxd4 Bg7 6. Nde2 Nf6 7. g3 0-0 8. Bg2 d6 9. 0-0 Bd7 10. h3 Rc8 11. Be3 a6 12. Na4 b5 13. Nb6 Rb8 14. Nxd7 Nxd7 15. Bd4 Nc5 16. Bxg7 Kxg7 17. Qd4+ Kg8 18. b3 Ne6 19. Qd3 Nc5 20. Qd4 Ne6 21. Qd3 1/2-1/2

[Event "Llinars del Valles op-A 4th"]
[Site "Llinars del Valles"]
[Date "2010.04.24"]
[Round "3"]
[White "Ruiz Arenas, Carlos"]
[Black "Valles Blomecke, Ignasi"]
[Result "0-1"]
[WhiteElo "1968"]
[BlackElo "1728"]
[PlyCount "42"]
[EventDate "2010.04.10"]
[EventType "swiss"]
[EventRounds "7"]
[EventCountry "ESP"]
[SourceTitle "EXT 2012"]
[Source "ChessBase"]
[SourceDate "2011.11.24"]
[SourceVersion "1"]
[SourceVersionDate "2011.11.24"]
[SourceQuality "1"]

1. e4 c6 2. d4 d5 3. e5 Bf5 4. Nf3 e6 5. Be2 Be7 6. c3 Nd7 7. Nbd2 f6 8. exf6 Ngxf6 9. 0-0 0-0 10. Re1 Qc7 11. Nf1 Ne4 12. Ng3 Bd6 13. Ng5 Nxf2 14. Qd2 Bxg3 15. hxg3 Qxg3 16. Bf3 Nh3+ 17. Nxh3 Bxh3 18. Qf2 Rxf3 19. Qxg3 Rxg3 20. Kh2 Rxg2+ 21. Kxh3 Rg6 0-1

[Event "Cerdanyola del Valles op-A 24th"]
[Site "Cerdanyola del Valles"]
[Date "2006.11.11"]
[Round "7.2"]
[White "Fernandez Diaz Mascort, Miguel"]
[Black "Ruiz Arenas, Carlos"]
[Result "1-0"]
[WhiteElo "2275"]
[BlackElo "2055"]
[PlyCount "61"]
[EventDate "2006.09.30"]
[EventType "swiss"]
[EventRounds "8"]
[EventCountry "AUT"]
[SourceTitle "EXT 2024"]
[Source "ChessBase"]
[SourceDate "2023.10.10"]
[SourceVersion "1"]
[SourceVersionDate "2023.10.10"]
[SourceQuality "1"]

1. b3 Nf6 2. Bb2 g6 3. e4 Bg7 4. e5 Nd5 5. d4 d6 6. exd6 exd6 7. c4 Qe7+ 8. Ne2 Nf4 9. Qd2 Bh6 10. Kd1 g5 11. Nxf4 gxf4 12. Nc3 Bf5 13. Nd5 Qd8 14. Qe2+ Be6 15. Qh5 Bg7 16. Nxf4 Bd7 17. Bd3 Qf6 18. Nd5 Qxf2 19. Qg5 0-0 20. Bc3 h6 21. Qd2 Qxd2+ 22. Kxd2 Na6 23. Rhf1 f6 24. Ne7+ Kf7 25. Rae1 Be6 26. Ng6 Rfe8 27. Nf4 Bd7 28. Bg6+ Kf8 29. Bxe8 Rxe8 30. Rxe8+ Kxe8 31. Nh5 1-0

[Event "Barbera del Valles op B 29th"]
[Site "Barbera del Valles"]
[Date "2006.07.08"]
[Round "4"]
[White "Scalzi Evans, Federico"]
[Black "Ruiz Arenas, Carlos"]
[Result "0-1"]
[WhiteElo "2034"]
[BlackElo "1953"]
[PlyCount "82"]
[EventDate "2006.07.05"]
[EventType "swiss"]
[EventRounds "9"]
[EventCountry "ESP"]
[SourceTitle "EXT 2022"]
[Source "ChessBase"]
[SourceDate "2021.10.06"]
[SourceVersion "1"]
[SourceVersionDate "2021.10.06"]
[SourceQuality "1"]

1. d4 Nf6 2. c4 g6 3. Nc3 Bg7 4. e4 d6 5. f3 0-0 6. Be3 e5 7. Nge2 c6 8. d5 cxd5 9. cxd5 a6 10. Qd2 Nbd7 11. Bh6 Nxe4 12. Nxe4 Qh4+ 13. g3 Qxh6 14. Qxh6 Bxh6 15. Nxd6 Nb6 16. Nxc8 Raxc8 17. Nc3 Rfd8 18. Rd1 Be3 19. f4 exf4 20. gxf4 Bxf4 21. Bh3 f5 22. 0-0 Be5 23. Bg2 Rd6 24. Rfe1 Re8 25. Kh1 Kf7 26. Re3 Nc4 27. Re2 Bxc3 28. Rxe8 Kxe8 29. bxc3 Kf7 30. Rb1 b5 31. a4 bxa4 32. Rb4 Nb6 33. Rd4 a3 34. Rd2 Nc4 35. Ra2 Rb6 36. Bf1 Rb1 37. Kg1 Ne3 38. Kf2 Rb2+ 39. Rxb2 axb2 40. Bd3 Nxd5 41. Ke1 Nxc3 0-1